| 000 | 01210nam a2200325 i 4500 | ||
|---|---|---|---|
| 001 | 000016585 | ||
| 003 | DO-SdBNP | ||
| 005 | 20230620093108.0 | ||
| 007 | ta | ||
| 008 | 100308s2001 dr c r 000 0 spa d | ||
| 020 | _a999340229X | ||
| 040 |
_aDO-SdBNP _bspa _cBNPHU _erda |
||
| 082 | 4 |
_a615.1 _bT629f _222 |
|
| 100 | 1 |
_aTobías Genao, Rafael, _d1924- _936874 |
|
| 245 | 1 | 0 |
_aFarmacias y farmacéuticos en República Dominicana / _cRafael Tobías Genao ; prólogo y corrección Héctor Tineo Nolasco. |
| 264 |
_aSanto Domingo : _bIntermedio, _c2001. |
||
| 300 |
_a247 páginas : _bilustraciones, retratos ; _c26 cm. |
||
| 336 |
_2rdacontent _atexto _btxt |
||
| 337 |
_2rdamedia _asin mediación _bn |
||
| 338 |
_2rdacarrier _avolumen _bnc |
||
| 500 | _aIncluye datos biográficos del autor en las solapas | ||
| 500 | _aIncluye índice de nombres | ||
| 504 | _aBbibliografía : p. 270 | ||
| 590 | _aInventariado, 2018/LP | ||
| 650 | 4 |
_aFarmacias _zRepública Dominicana _xHistoria _936876 |
|
| 651 | 4 |
_aFarmacéuticos _zRepública Dominicana _xBiografías _936875 |
|
| 700 | 1 | 2 |
_aTineo Nolasco, Héctor, _eprólogo y corrección _936877 |
| 910 | _aValidado. Control de calidad. MFF | ||
| 942 |
_2ddc _cLBS1 |
||
| 999 |
_c16118 _d16118 |
||